Ethnic diversity, property rights, and natural resources /

সংরক্ষণ করুন:
গ্রন্থ-পঞ্জীর বিবরন
প্রধান লেখক: Baggio, Jacopo A.
অন্যান্য লেখক: Papyrakis, Elissaios
বিন্যাস: পাঠ‍্য
ট্যাগগুলো: ট্যাগ যুক্ত করুন
কোনো ট্যাগ নেই, প্রথমজন হিসাবে ট্যাগ করুন!

MARC

LEADER 00000 a a2200000 04500
001 43456
003
040
100 |a Baggio, Jacopo A.  
245 |a Ethnic diversity, property rights, and natural resources /  |c Jacopo A. Baggio ; Elissaios Papyrakis  
700 |a Papyrakis, Elissaios  
773 |g volumen48, número4 ( , 2010), páginas 473-495 : tablas  
999 |c 28543  |d 28543